Multidimensional scaling
Αποθηκεύτηκε σε:
| Κύριος συγγραφέας: | |
|---|---|
| Άλλοι συγγραφείς: | |
| Μορφή: | Βιβλίο |
| Γλώσσα: | English |
| Δημοσίευση: |
Newbury Park :
Sage Publications,
[c1978]
|
| Σειρά: | Sage university papers series. Quantitative applications in the social sciences ;
; 11 |
| Θέματα: | |
| Ετικέτες: |
Προσθήκη ετικέτας
Δεν υπάρχουν, Καταχωρήστε ετικέτα πρώτοι!
|
MARC
| LEADER | 00000nam a2200000 i 4500 | ||
|---|---|---|---|
| 001 | 1/18788 | ||
| 008 | 981022s1978 eng d | ||
| 020 | |a 0-8039-0940-3 | ||
| 035 | |l 10021035 | ||
| 040 | |a GR-MY-UA |b gre |e aacr | ||
| 041 | 0 | |a eng | |
| 082 | 0 | |a 300.28 | |
| 100 | 1 | |a Kruskal, Joseph B. |d 1928- | |
| 245 | 1 | 0 | |a Multidimensional scaling / |c Joseph B. Kruskal, Myron Wish |
| 260 | |a Newbury Park : |b Sage Publications, |c [c1978] | ||
| 300 | |a 93 σ. | ||
| 490 | 1 | |a Sage university papers series. Quantitative applications in the social sciences |v ; 11 | |
| 504 | |a Βιβλιογραφία: σ. 83-87 | ||
| 650 | 0 | 0 | |a Scaling (Social sciences) |
| 700 | 1 | |a Wish, Myron. | |
| 830 | 0 | |a Sage university papers series. Quantitative applications in the social sciences ; |v ; 11 | |
| 852 | |a INST |b LESVOS |e 19981022 |h 300.28 KRU |p 005100018495 |q 005100018495 |t BK |y 0 | ||
| 852 | |a INST |b RHODES |e 20080414 |h 300.28 KRU |p 005400029317 |q 005400029317 |t BK |y 0 | ||
| 901 | |a BIBL1-1999-1 | ||
| 901 | |a BIBL4-2008-2 | ||
| 909 | |a Λ |b 059462 | ||
| 909 | |a Ρ |b 151992 | ||
| 922 | |a 1ΕΛΗ |b 199809 |c ΚΠΣ/ΤΓ |d ΠΑΠΑΣΩΤΗΡΙΟΥ | ||
| 922 | |a 4ΕΛΗ |b 200803 |c ΕΠΕΑΕΚ2/ΤΕΠΑΕΣ |d ΕΛΕΥΘΕΡΟΥΔΑΚΗΣ | ||
| 950 | |a 118-1998-07-23 | ||